Convenio para la promoción de campos de fútbol
Publicado:
San Jorge, núm. 86 - 87 (2n i 3r trimestre 1972), pàg 129 :
MARC
| LEADER | 00000nam a2200000Ia 4500 | ||
|---|---|---|---|
| 001 | |||
| 008 | 160829s9999 xx 000 0 cat d | ||
| 245 | |a Convenio para la promoción de campos de fútbol | ||
| 260 | |a San Jorge, núm. 86 - 87 (2n i 3r trimestre 1972), pàg 129 | ||
| 650 | |a Camps de futbol |x projectes i construcció |9 36685 | ||
| 901 | |a Arxiu | ||
| 942 | |n 1 | ||
| 952 | |0 0 |1 0 |4 0 |7 1 |9 47436 |a Arxiu |b Arxiu |d 2016-12-01 |l 0 |r 2016-12-01 00:00:00 |w 2016-12-01 |y ARXIU | ||
| 999 | |c 51234 |d 51234 | ||